| 000 | 00794na a2200241 4500 | ||
|---|---|---|---|
| 001 | 20561 | ||
| 003 | MIRAKIL | ||
| 005 | 20181213155140.0 | ||
| 008 | 170124b tu 000 0 | ||
| 040 |
_aMilas _btur _cTR-AnCHP |
||
| 041 | _atur | ||
| 082 |
_a342.0852 _bY35 2011 |
||
| 090 | _a342.0852 Y35 2011 | ||
| 111 |
_aYeni Anayasada Din ve Vicdan Hürriyeti _cAnkara _d2011 |
||
| 245 |
_aYeni Anayasada din ve vicdan hürriyeti _cDiyanet-Sen Akademisi |
||
| 260 |
_aAnkara _bDiyanet-Sen Akademisi _c2011 |
||
| 300 |
_a92 s. _c20 sm. |
||
| 490 |
_aDiyanet-Sen Akademisi Seminerleri _v4 |
||
| 650 |
_aAnayasa değişikliği _xDinsel faaliyetler _yToplantılar |
||
| 650 |
_aAnayasa hukuku _xDin ve vicdan özgürlüğü _yToplantılar |
||
| 710 | _aDiyanet-Sen Akademisi | ||
| 942 |
_2ddc _cBKS |
||
| 999 |
_c7473 _d7473 |
||